[Event "CUB-ch U18 Girls"]
[Site "Pinar del Rio"]
[Date "2019.06.30"]
[Round "5"]
[White "Marcheco Pimentel, Jessica Iliana"]
[Black "Martinez Fish, Leidys Marai"]
[Result "1/2-1/2"]
[WhiteElo "1570"]
[BlackElo "1610"]
[PlyCount "70"]
[EventDate "2019.06.28"]
[EventType "swiss"]
[EventRounds "9"]
[EventCountry "CUB"]
[SourceTitle "CBM 195 Extra"]
[Source "ChessBase"]
[SourceDate "2020.05.31"]
[SourceVersion "1"]
[SourceVersionDate "2020.05.31"]
[SourceQuality "1"]

1. d4 d5 2. f4 Nf6 3. e3 Bf5 4. Nf3 Nbd7 5. Bd3 Ne4 6. Bd2 e6 7. 0-0 c5 8. c3 Bd6 9. Be1 Rc8 10. Bh4 Be7 11. Bxe7 Qxe7 12. Bc2 0-0 13. Nbd2 Ndf6 14. Ne5 Nxd2 15. Qxd2 Ne4 16. Qe2 f6 17. Nd3 c4 18. Nf2 Nxf2 19. Rxf2 Bxc2 20. Qxc2 e5 21. fxe5 fxe5 22. Raf1 exd4 23. Rxf8+ Rxf8 24. Rxf8+ Kxf8 25. Qf2+ Qf7 26. exd4 Qxf2+ 27. Kxf2 Ke7 28. Kg3 Kf6 29. Kg4 b5 30. h4 a5 31. a3 g6 32. Kf4 h6 33. g4 g5+ 34. hxg5+ hxg5+ 35. Kf3 Ke6 1/2-1/2

[Event "CUB-ch U18 Girls"]
[Site "Pinar del Rio"]
[Date "2019.06.28"]
[Round "1"]
[White "Venzant Batista, Marcia Camila"]
[Black "Martinez Fish, Leidys Marai"]
[Result "1/2-1/2"]
[WhiteElo "1940"]
[BlackElo "1610"]
[PlyCount "74"]
[EventDate "2019.06.28"]
[EventType "swiss"]
[EventRounds "9"]
[EventCountry "CUB"]
[SourceTitle "CBM 195 Extra"]
[Source "ChessBase"]
[SourceDate "2020.05.31"]
[SourceVersion "1"]
[SourceVersionDate "2020.05.31"]
[SourceQuality "1"]

1. e4 e6 2. d4 d5 3. e5 c5 4. c3 Nc6 5. Nf3 Bd7 6. a3 f6 7. b4 cxd4 8. cxd4 Qc7 9. Bb2 Nge7 10. Bd3 Ng6 11. Bxg6+ hxg6 12. Qc2 Rc8 13. Qxg6+ Ke7 14. Nbd2 b6 15. 0-0 Rh6 16. Qd3 Kf7 17. Rfc1 Qb8 18. Nf1 Be7 19. Rc2 Rhh8 20. Re1 Rc7 21. Rce2 f5 22. Bc1 Qd8 23. Ng3 g6 24. Bd2 Bc8 25. Rc1 Bd7 26. Nf1 Bc8 27. Rc3 Bd7 28. Qc2 Rc8 29. Qc1 Nb8 30. Rxc8 Qxc8 31. Re1 Qxc1 32. Rxc1 Rc8 33. Rxc8 Bxc8 34. Ng3 Ba6 35. h4 Nc6 36. h5 gxh5 37. Nxh5 Be2 1/2-1/2

[Event "CUB Province-chT Schools 54th"]
[Site "Santa Clara"]
[Date "2018.07.14"]
[Round "4.1"]
[White "Hernandez Machado, Patricia M"]
[Black "Martinez Fish, Leidys Marai"]
[Result "1-0"]
[WhiteElo "1999"]
[BlackElo "1691"]
[PlyCount "79"]
[EventDate "2018.07.13"]
[EventType "team-swiss"]
[EventRounds "9"]
[EventCountry "CUB"]
[SourceTitle "CBM 195 Extra"]
[Source "ChessBase"]
[SourceDate "2020.05.31"]
[SourceVersion "1"]
[SourceVersionDate "2020.05.31"]
[SourceQuality "1"]
[WhiteTeam "Villa Clara"]
[BlackTeam "Isla de la Juventud"]
[WhiteTeamCountry "CUB"]
[BlackTeamCountry "CUB"]

1. c4 e5 2. Nc3 Nc6 3. g3 g6 4. Bg2 Bg7 5. Rb1 a5 6. d3 d6 7. e3 Nge7 8. Nge2 Bf5 9. a3 0-0 10. 0-0 Qd7 11. Re1 Bh3 12. Bh1 h5 13. b4 axb4 14. axb4 h4 15. b5 Nd8 16. Nd5 Nxd5 17. cxd5 f5 18. Qb3 Bh6 19. Qc4 g5 20. f4 Qg7 21. Kf2 Kh7 22. Ng1 hxg3+ 23. hxg3 gxf4 24. exf4 Rg8 25. Ne2 Bg4 26. Bf3 Bxf3 27. Kxf3 Qg4+ 28. Kg2 exf4 29. Bxf4 Bxf4 30. Qxf4 Qxf4 31. Nxf4 Ra2+ 32. Kf3 c6 33. Re7+ Rg7 34. Rh1+ Kg8 35. Re8+ Kf7 36. Rxd8 cxb5 37. Rhh8 Ke7 38. Rb8 Ra7 39. Nh5 Rf7 40. Rbd8 1-0

[Event "CUB-ch U18 Girls"]
[Site "San Nicolas de Bari"]
[Date "2018.06.18"]
[Round "9"]
[White "Heredero Gascon, Elizabeth"]
[Black "Martinez Fish, Leidys Marai"]
[Result "1-0"]
[WhiteElo "1717"]
[BlackElo "1723"]
[PlyCount "57"]
[EventDate "2018.06.13"]
[EventType "swiss"]
[EventRounds "9"]
[EventCountry "CUB"]
[SourceTitle "EXT 2021"]
[Source "ChessBase"]
[SourceDate "2020.10.23"]
[SourceVersion "1"]
[SourceVersionDate "2020.10.23"]
[SourceQuality "1"]

1. d4 d5 2. Nf3 Nf6 3. e3 e6 4. Bd3 Bd6 5. Nbd2 Nbd7 6. b3 e5 7. dxe5 Nxe5 8. Be2 Bg4 9. Bb2 Nxf3+ 10. Nxf3 0-0 11. 0-0 c6 12. h3 Bh5 13. c4 Bxf3 14. Bxf3 dxc4 15. bxc4 Qe7 16. Qb3 Ne4 17. Bxe4 Qxe4 18. Rfd1 Qe6 19. Rab1 a6 20. Qb6 Qe7 21. Qd4 f6 22. Qxd6 Qxd6 23. Rxd6 Rad8 24. Rbd1 Rxd6 25. Rxd6 a5 26. Ba3 Ra8 27. Bc5 b5 28. Rxc6 bxc4 29. Bd4 1-0

[Event "CUB-ch U18 Girls"]
[Site "San Nicolas de Bari"]
[Date "2018.06.16"]
[Round "6"]
[White "Vieites Santana, Daniela Ines"]
[Black "Martinez Fish, Leidys Marai"]
[Result "1/2-1/2"]
[WhiteElo "1890"]
[BlackElo "1723"]
[PlyCount "86"]
[EventDate "2018.06.13"]
[EventType "swiss"]
[EventRounds "9"]
[EventCountry "CUB"]
[SourceTitle "EXT 2021"]
[Source "ChessBase"]
[SourceDate "2020.10.23"]
[SourceVersion "1"]
[SourceVersionDate "2020.10.23"]
[SourceQuality "1"]

1. e4 e6 2. Qe2 Nf6 3. Nf3 d5 4. d3 dxe4 5. dxe4 Nc6 6. c3 e5 7. g3 Bg4 8. Bg2 Bc5 9. 0-0 0-0 10. Be3 Nxe4 11. Bxc5 Nxc5 12. Qc4 e4 13. Nfd2 Nd3 14. Bxe4 Be2 15. Bxh7+ Kh8 16. Bf5 Bxf1 17. Nxf1 Nde5 18. Qe2 g6 19. Bc2 Kg7 20. Nbd2 Re8 21. Rd1 Qf6 22. f4 Nd7 23. Ne4 Qe6 24. Qf2 Nb6 25. Nfd2 Rad8 26. Bb3 Qg4 27. Rf1 Rxd2 28. Nxd2 Re2 29. Qf3 Qxf3 30. Nxf3 Rxb2 31. Ng5 f6 32. Ne6+ Kh6 33. g4 Na5 34. g5+ fxg5 35. fxg5+ Kh7 36. Nf8+ Kh8 37. Nxg6+ Kg7 38. Bf7 Nac4 39. Be8 Nd6 40. Ne5 Nxe8 41. Rf7+ Kg8 42. Re7 Ng7 43. Rxc7 Rb1+ 1/2-1/2

[Event "CUB-ch U18 Girls"]
[Site "San Nicolas de Bari"]
[Date "2018.06.15"]
[Round "5"]
[White "Martinez Fish, Leidys Marai"]
[Black "Cardosa Espino, Adria"]
[Result "0-1"]
[WhiteElo "1723"]
[BlackElo "1771"]
[PlyCount "104"]
[EventDate "2018.06.13"]
[EventType "swiss"]
[EventRounds "9"]
[EventCountry "CUB"]
[SourceTitle "EXT 2021"]
[Source "ChessBase"]
[SourceDate "2020.10.23"]
[SourceVersion "1"]
[SourceVersionDate "2020.10.23"]
[SourceQuality "1"]

1. e4 e5 2. d4 exd4 3. Nf3 Nf6 4. e5 Qe7 5. Qe2 Nd5 6. Nxd4 Nc6 7. Nxc6 bxc6 8. c4 Nb6 9. Nc3 Qe6 10. b3 Bb4 11. Bb2 Ba6 12. Qe4 d5 13. cxd5 Bxc3+ 14. Bxc3 cxd5 15. Qe3 Bxf1 16. Rxf1 0-0 17. f4 Qf5 18. 0-0-0 c5 19. g4 Qc8 20. Bb2 d4 21. Qe4 Re8 22. Kb1 Qe6 23. Rc1 Rac8 24. Rfe1 f6 25. Ba3 c4 26. Qxd4 cxb3 27. axb3 Qxb3+ 28. Qb2 Rxc1+ 29. Rxc1 Qd3+ 30. Ka1 fxe5 31. fxe5 Nc4 32. Qa2 Qxa3 33. Rxc4 Qxa2+ 34. Kxa2 Rxe5 35. h4 Kf7 36. Kb3 Re7 37. Rc6 Re4 38. Rc7+ Kf6 39. g5+ Kg6 40. h5+ Kxg5 41. Rxg7+ Kh6 42. Rxa7 Re5 43. Kb2 Rxh5 44. Ra6+ Kg5 45. Ra8 Kh4 46. Kc2 Rc5+ 47. Kd3 h5 48. Rg8 Kh3 49. Ke3 Rc3+ 50. Kf2 h4 51. Kg1 Rc1+ 52. Kf2 Kh2 0-1

[Event "CUB-ch U18 Girls"]
[Site "San Nicolas de Bari"]
[Date "2018.06.15"]
[Round "4"]
[White "Martinez Fish, Leidys Marai"]
[Black "Hernandez Gil, Ineymig"]
[Result "0-1"]
[WhiteElo "1723"]
[BlackElo "2039"]
[PlyCount "60"]
[EventDate "2018.06.13"]
[EventType "swiss"]
[EventRounds "9"]
[EventCountry "CUB"]
[SourceTitle "EXT 2021"]
[Source "ChessBase"]
[SourceDate "2020.10.23"]
[SourceVersion "1"]
[SourceVersionDate "2020.10.23"]
[SourceQuality "1"]

1. e4 c5 2. Nf3 Nc6 3. c3 Nf6 4. e5 Nd5 5. d4 cxd4 6. cxd4 d6 7. Bc4 dxe5 8. Nxe5 e6 9. 0-0 Be7 10. Re1 0-0 11. Nc3 Nb6 12. Nxc6 bxc6 13. Bd3 Bf6 14. Be3 Nd5 15. Nxd5 Qxd5 16. b3 c5 17. Qg4 cxd4 18. Be4 Qa5 19. Bd2 Qxd2 20. Bxa8 Ba6 21. Be4 Rd8 22. Qh5 g6 23. Qc5 d3 24. Rab1 Bd4 25. Qa3 Bxf2+ 26. Kh1 Bxe1 27. Qxa6 Qe2 28. Qxa7 Qxe4 29. Qc7 Bh4 30. Rf1 d2 0-1

[Event "Artemisa Inder Anivers"]
[Site "Artemisa"]
[Date "2018.02.24"]
[Round "9.2"]
[White "Delgado Alvarez, Edualis"]
[Black "Martinez Fish, Leidys Marai"]
[Result "1/2-1/2"]
[WhiteElo "1697"]
[BlackElo "1808"]
[PlyCount "41"]
[EventDate "2018.02.20"]
[EventType "team-tourn"]
[EventRounds "10"]
[EventCountry "CUB"]
[SourceTitle "EXT 2021"]
[Source "ChessBase"]
[SourceDate "2020.10.23"]
[SourceVersion "1"]
[SourceVersionDate "2020.10.23"]
[SourceQuality "1"]
[WhiteTeam "Mayabeque"]
[BlackTeam "Havana"]
[WhiteTeamCountry "CUB"]
[BlackTeamCountry "CUB"]

1. e4 e6 2. d4 d5 3. e5 c5 4. c3 Nc6 5. Nf3 Bd7 6. a3 f6 7. exf6 Nxf6 8. Bd3 cxd4 9. cxd4 Bd6 10. Be3 Qc7 11. Nc3 a6 12. 0-0 0-0 13. h3 e5 14. dxe5 Nxe5 15. Bc2 Nxf3+ 16. Qxf3 Bc6 17. Bb3 Kh8 18. Qd1 Rad8 19. Bd4 Be5 20. Rc1 Bf4 21. Rc2 1/2-1/2

[Event "Artemisa Inder Anivers"]
[Site "Artemisa"]
[Date "2018.02.21"]
[Round "4.2"]
[White "Martinez Fish, Leidys Marai"]
[Black "Delgado Alvarez, Edualis"]
[Result "0-1"]
[WhiteElo "1808"]
[BlackElo "1697"]
[PlyCount "82"]
[EventDate "2018.02.20"]
[EventType "team-tourn"]
[EventRounds "10"]
[EventCountry "CUB"]
[SourceTitle "EXT 2021"]
[Source "ChessBase"]
[SourceDate "2020.10.23"]
[SourceVersion "1"]
[SourceVersionDate "2020.10.23"]
[SourceQuality "1"]
[WhiteTeam "Havana"]
[BlackTeam "Mayabeque"]
[WhiteTeamCountry "CUB"]
[BlackTeamCountry "CUB"]

1. e4 c5 2. Nf3 d6 3. c3 Nc6 4. d4 cxd4 5. cxd4 Nf6 6. Be2 e6 7. Nc3 Be7 8. 0-0 0-0 9. Bg5 h6 10. Bf4 Qb6 11. a3 a6 12. Bd3 d5 13. Be3 dxe4 14. Nxe4 Nd5 15. Qd2 Nxe3 16. fxe3 Bd7 17. Rac1 Rfd8 18. Qf2 f5 19. Nc3 Bc8 20. Bc4 Na5 21. Ba2 Nb3 22. Na4 Qb5 23. Bxb3 Qxb3 24. Nc5 Bxc5 25. Rxc5 Rd5 26. Rc7 Qb6 27. Rfc1 Bd7 28. b4 Bc6 29. R1xc6 bxc6 30. Qg3 g5 31. Nxg5 f4 32. Qg4 Qxc7 33. Qxe6+ Kg7 34. Qxd5 hxg5 35. Qxg5+ Kh8 36. exf4 Qh7 37. Qf6+ Qg7 38. Qh4+ Kg8 39. f5 Rf8 40. Qe4 Qf6 41. g4 Rd8 0-1

[Event "Artemisa Inder Anivers"]
[Site "Artemisa"]
[Date "2018.02.20"]
[Round "2.3"]
[White "Martinez Fish, Leidys Marai"]
[Black "Hernandez Izquierdo, Jose A"]
[Result "0-1"]
[WhiteElo "1808"]
[BlackElo "1800"]
[PlyCount "52"]
[EventDate "2018.02.20"]
[EventType "team-tourn"]
[EventRounds "10"]
[EventCountry "CUB"]
[SourceTitle "EXT 2021"]
[Source "ChessBase"]
[SourceDate "2020.10.23"]
[SourceVersion "1"]
[SourceVersionDate "2020.10.23"]
[SourceQuality "1"]
[WhiteTeam "Havana"]
[BlackTeam "Artemisa"]
[WhiteTeamCountry "CUB"]
[BlackTeamCountry "CUB"]

1. e4 c5 2. Nf3 e6 3. c3 Nf6 4. e5 Nd5 5. d4 cxd4 6. cxd4 d6 7. Nc3 Nb6 8. Bd3 Nc6 9. a3 Be7 10. 0-0 0-0 11. exd6 Qxd6 12. Bxh7+ Kxh7 13. Ne4 Qd5 14. Nfg5+ Bxg5 15. Nxg5+ Kg8 16. Qh5 Qf5 17. Be3 e5 18. d5 Nxd5 19. Bc5 Rd8 20. Rad1 Be6 21. Qh4 Nf4 22. Nxe6 Qxe6 23. g3 Nd4 24. Bxd4 Ne2+ 25. Kg2 Nxd4 26. Rfe1 Qc6+ 0-1

[Event "CUB School-chT"]
[Site "Santa Clara"]
[Date "2017.07.16"]
[Round "7.6"]
[White "Martinez Fish, Leidys Marai"]
[Black "Vieites Santana, Daniela Ines"]
[Result "1-0"]
[WhiteElo "1696"]
[BlackElo "1827"]
[PlyCount "51"]
[EventDate "2017.07.13"]
[EventType "team-swiss"]
[EventRounds "9"]
[EventCountry "CUB"]
[SourceTitle "EXT 2023"]
[Source "ChessBase"]
[SourceDate "2022.10.05"]
[SourceVersion "1"]
[SourceVersionDate "2022.10.05"]
[SourceQuality "1"]

1. e4 e5 2. d4 exd4 3. Nf3 Nc6 4. Nxd4 Bc5 5. Nxc6 Qf6 6. Qf3 Qxf3 7. gxf3 dxc6 8. Rg1 Be6 9. Rxg7 0-0-0 10. Be3 Bd6 11. f4 Ne7 12. Rg1 Rhg8 13. Rxg8 Rxg8 14. Nd2 Bb4 15. 0-0-0 Bxd2+ 16. Rxd2 Kb8 17. f3 f5 18. Bh3 Bc8 19. Kd1 Rf8 20. Bc5 Re8 21. Bxe7 Rxe7 22. Rd8 Rd7+ 23. Rxd7 Bxd7 24. exf5 Be8 25. f6 c5 26. Be6 1-0

[Event "CUB School-chT"]
[Site "Santa Clara"]
[Date "2017.07.15"]
[Round "6.7"]
[White "Parra Hidalgo, Leydi Laura"]
[Black "Martinez Fish, Leidys Marai"]
[Result "0-1"]
[WhiteElo "1808"]
[BlackElo "1696"]
[PlyCount "66"]
[EventDate "2017.07.13"]
[EventType "team-swiss"]
[EventRounds "9"]
[EventCountry "CUB"]
[SourceTitle "EXT 2023"]
[Source "ChessBase"]
[SourceDate "2022.10.05"]
[SourceVersion "1"]
[SourceVersionDate "2022.10.05"]
[SourceQuality "1"]

1. e4 e6 2. d4 d5 3. Bd3 c5 4. c3 Nc6 5. Nf3 Bd7 6. 0-0 Rc8 7. Be3 cxd4 8. Nxd4 Ne5 9. exd5 exd5 10. Bf4 Nxd3 11. Qxd3 Be7 12. Re1 Qb6 13. b3 Qg6 14. Qf3 Nf6 15. Bd6 Ne4 16. Bxe7 Kxe7 17. c4 Rhe8 18. cxd5 Kf8 19. Na3 Ng5 20. Rxe8+ Rxe8 21. Qg3 Qf6 22. Rd1 Qxd4 23. Rf1 Qxd5 24. Nc4 Ne4 25. Qh4 Nd2 26. Nxd2 Qxd2 27. Qxh7 Re1 28. Qh8+ Ke7 29. Qh4+ f6 30. f3 Qe3+ 31. Qf2 Rxf1+ 32. Kxf1 Bb5+ 33. Kg1 Qc1+ 0-1

[Event "CUB School-chT"]
[Site "Santa Clara"]
[Date "2017.07.13"]
[Round "1.8"]
[White "Bosch Valls, Leannet Mariah"]
[Black "Martinez Fish, Leidys Marai"]
[Result "0-1"]
[WhiteElo "1847"]
[BlackElo "1696"]
[PlyCount "56"]
[EventDate "2017.07.13"]
[EventType "team-swiss"]
[EventRounds "9"]
[EventCountry "CUB"]
[SourceTitle "EXT 2023"]
[Source "ChessBase"]
[SourceDate "2022.10.05"]
[SourceVersion "1"]
[SourceVersionDate "2022.10.05"]
[SourceQuality "1"]

1. e4 e6 2. d3 d5 3. Nd2 Nf6 4. Ngf3 dxe4 5. dxe4 Bc5 6. Bd3 Nc6 7. 0-0 e5 8. h3 Be6 9. Bb5 Qd6 10. Qe2 Nh5 11. Nb3 Ng3 12. Qe1 Nxf1 13. Qxf1 f6 14. Na5 Rb8 15. a3 0-0 16. Bxc6 bxc6 17. c4 Bb6 18. Bd2 Rfd8 19. Rc1 Bxa5 20. Bxa5 Rxb2 21. Bb4 c5 22. Bc3 Rb3 23. Ne1 Rxa3 24. Qe2 Ra4 25. Qb2 Bxc4 26. Nc2 Ra2 27. Qb7 Rxc2 28. Rxc2 Qd1+ 0-1